On ne change pas la société par décret / (Record no. 188018)
[ view plain ]
| 000 -LEADER | |
|---|---|
| campo de control de longitud fija | 00798nam a2200241 i 4500 |
| 001 - NÚMERO DE CONTROL | |
| campo de control | 188018 |
| 003 - IDENTIFICADOR DE NÚMERO DE CONTROL | |
| campo de control | SpMaBN |
| 005 - FECHA Y HORA DE LA ÚLTIMA TRANSACCIÓN | |
| campo de control | 20250716063340.0 |
| 008 - DATOS DE LONGITUD FIJA--INFORMACIÓN GENERAL | |
| campo de control de longitud fija | 180411s1979 fr |||| | fre d |
| 020 ## - NÚMERO INTERNACIONAL ESTÁNDAR DEL LIBRO | |
| Número Internacional Estándar del Libro | 2-246-00771-2 |
| 080 ## - NÚMERO DE LA CLASIFICACIÓN DECIMAL UNIVERSAL | |
| Número de la Clasificación Decimal Universal | 316.42 |
| 080 ## - NÚMERO DE LA CLASIFICACIÓN DECIMAL UNIVERSAL | |
| Número de la Clasificación Decimal Universal | 35(44) |
| 100 1# - ENTRADA PRINCIPAL--NOMBRE DE PERSONA | |
| Nombre de persona | Crozier, Michel, |
| Fechas asociadas al nombre | 1922-2013 |
| Término indicativo de función/relación | Autor |
| 9 (RLIN) | 41759 |
| 245 10 - MENCIÓN DEL TÍTULO | |
| Título | On ne change pas la société par décret / |
| Mención de responsabilidad, etc. | Michel Crozier. |
| 260 ## - PUBLICACIÓN, DISTRIBUCIÓN, ETC. | |
| Lugar de publicación, distribución, etc. | Paris : |
| Nombre del editor, distribuidor, etc. | Bernard Grasset, |
| Fecha de publicación, distribución, etc. | [1979] |
| 300 ## - DESCRIPCIÓN FÍSICA | |
| Extensión | 298 páginas ; |
| Dimensiones | 20 cm. |
| 650 #4 - PUNTO DE ACCESO ADICIONAL DE MATERIA--TÉRMINO DE MATERIA | |
| Término de materia o nombre geográfico como elemento de entrada | Cambio social- |
| Subdivisión geográfica | Francia. |
| 9 (RLIN) | 164595 |
| 651 #4 - PUNTO DE ACCESO ADICIONAL DE MATERIA--NOMBRE GEOGRÁFICO | |
| Nombre geográfico | Francia- |
| Subdivisión general | Política social. |
| 9 (RLIN) | 164597 |
| 852 ## - LOCALIZACIÓN | |
| Ubicación | ES-MaACL |
| Ubicación en estantería | Depósito 2 |
| Donativo/Legado | Donat. herederos de la bibl. de Mª del Pilar Costa Palacín |
| Número de control de estantería | L-31903 |
| 942 ## - ELEMENTOS DE ENTRADA SECUNDARIOS (KOHA) | |
| Fuente del sistema de clasificación o colocación | Clasificación decimal universal |
| Tipo de ítem Koha | Libro impreso |
| Suprimir en OPAC | No |
| Estatus retirado | Estado de pérdida | Fuente del sistema de clasificación o colocación | Estado de daño | No para préstamo | Biblioteca de origen | Biblioteca actual | Ubicación en estantería | Fecha de adquisición | Fuente de adquisición | Total de préstamos | Signatura topográfica completa | Código de barras | Visto por última vez | Tipo de ítem Koha |
|---|---|---|---|---|---|---|---|---|---|---|---|---|---|---|
| Clasificación decimal universal | Biblioteca del Ateneo de Madrid | Biblioteca del Ateneo de Madrid | Depósito 2 | 11/04/2018 | Donación | L-31903 | 1198675 | 23/02/2023 | Libro impreso |
